ASTROPAULISTAS. Club de astronomía
Salvato in:
| Autore principale: | |
|---|---|
| Natura: | Libro |
| Pubblicazione: |
Bogotá:
IDEP,
2017.
|
| Accesso online: | Acceso a ficha de la experiencia |
| Tags: |
Aggiungi Tag
Nessun Tag, puoi essere il primo ad aggiungerne! !
|
MARC
| LEADER | 00000nam a2200000Ia 4500 | ||
|---|---|---|---|
| 003 | OSt | ||
| 005 | 20181114074616.0 | ||
| 008 | 181114s9999 xx 000 0 und d | ||
| 999 | |c 5682 |d 5682 | ||
| 040 | |b spa |c CNA-IDEP | ||
| 100 | |a Belalcázar González, Catherine Lizbeth |9 5461 | ||
| 245 | |a ASTROPAULISTAS. Club de astronomía |c Catherine Lizbeth Belalcázar González |h [Recurso electrónico]. | ||
| 256 | |a Datos electrónicos. | ||
| 260 | |a Bogotá: |b IDEP, |c 2017. | ||
| 500 | |a [Versión electrónica]. | ||
| 590 | |a COLEGIO PAULO VI (IED) | ||
| 856 | |u http://biblioteca.idep.edu.co/experiencias/Astropaulistas.pdf |y Acceso a ficha de la experiencia | ||
| 942 | |c ED |2 ddc | ||